[Event "Wch Blitz"]
[Site "St Petersburg"]
[Date "2018.12.29"]
[Round "3"]
[White "Khayat, Abdullah F"]
[Black "Kovalev, Vladislav"]
[Result "0-1"]
[WhiteElo "1723"]
[BlackElo "2683"]
[PlyCount "63"]
[EventDate "2018.12.29"]
[EventType "swiss (blitz)"]
[EventRounds "21"]
[EventCountry "RUS"]
[SourceTitle "CBM 187 Extra"]
[Source "ChessBase"]
[SourceDate "2018.11.04"]
[SourceVersion "1"]
[SourceVersionDate "2018.11.04"]
[SourceQuality "1"]

1. Nf3 Nf6 2. g3 g6 3. Bg2 Bg7 4. 0-0 0-0 5. d4 d6 6. Re1 Nc6 7. c3 e5 8. e3 Re8 9. Qb3 Rb8 10. Ng5 d5 11. Nd2 exd4 12. cxd4 Nxd4 13. Qd1 Ne6 14. Nxe6 Bxe6 15. Nb3 b6 16. Nd4 Bd7 17. Bd2 c5 18. Ne2 Ne4 19. Bxe4 dxe4 20. Bc3 Bg4 21. Qxd8 Rbxd8 22. Bxg7 Kxg7 23. Nc3 Rd2 24. b3 Bf3 25. a4 a5 26. Ra2 Red8 27. Rxd2 Rxd2 28. Nb1 Rd3 29. Na3 Rxb3 30. Nc4 Rb4 31. Rc1 Be2 32. Nd6 0-1

[Event "Wch Rapid"]
[Site "St Petersburg"]
[Date "2018.12.28"]
[Round "12"]
[White "Khayat, Abdullah F"]
[Black "Masrahi, Abdulrahman A"]
[Result "0-1"]
[WhiteElo "1723"]
[BlackElo "1903"]
[PlyCount "64"]
[EventDate "2018.12.26"]
[EventType "swiss (rapid)"]
[EventRounds "15"]
[EventCountry "RUS"]
[SourceTitle "CBM 187 Extra"]
[Source "ChessBase"]
[SourceDate "2018.11.04"]
[SourceVersion "1"]
[SourceVersionDate "2018.11.04"]
[SourceQuality "1"]

1. d4 d5 2. g3 Nf6 3. Bg2 Bf5 4. Nf3 h6 5. 0-0 e6 6. c3 Be7 7. Nbd2 0-0 8. Re1 c5 9. a3 Nc6 10. b4 cxd4 11. cxd4 Qb6 12. Bb2 a5 13. e3 axb4 14. a4 Rfc8 15. Qe2 b3 16. Qb5 Qxb5 17. axb5 Na5 18. Rec1 Bc2 19. Ne1 Bb4 20. Ndf3 Ne4 21. Ne5 Bd2 22. Bxe4 dxe4 23. Nxc2 Bxc1 24. Rxc1 bxc2 25. Nd7 Nb3 26. Re1 c1Q 27. Bxc1 Rxc1 28. Rxc1 Nxc1 29. Nc5 Ra5 30. Nxb7 Rxb5 31. Nd6 Rb2 32. Nxe4 Nd3 0-1

[Event "Wch Blitz"]
[Site "Doha"]
[Date "2016.12.30"]
[Round "17"]
[White "Howell, David"]
[Black "Khayat, Abdullah F"]
[Result "1-0"]
[WhiteElo "2644"]
[BlackElo "1732"]
[PlyCount "99"]
[EventDate "2016.12.29"]
[EventType "swiss (blitz)"]
[EventRounds "21"]
[EventCountry "QAT"]
[SourceTitle "CBM 176 Extra"]
[Source "ChessBase"]
[SourceDate "2017.03.02"]
[SourceVersion "1"]
[SourceVersionDate "2017.03.02"]
[SourceQuality "1"]

1. g3 Nf6 2. Bg2 g6 3. c4 c6 4. Nf3 Bg7 5. 0-0 0-0 6. b3 b6 7. Bb2 Bb7 8. d3 d6 9. e4 e5 10. Nc3 Nbd7 11. h3 Re8 12. Re1 a5 13. Qc2 Qc7 14. Rad1 Rad8 15. d4 Nh5 16. d5 c5 17. Nb5 Qb8 18. Rf1 Ba6 19. Kh2 Bxb5 20. cxb5 Qc7 21. Nd2 Rf8 22. Bf3 Nhf6 23. Nc4 Rfe8 24. Bg2 Rf8 25. Rde1 Rfe8 26. Bf3 Rf8 27. Kg2 Rde8 28. Bd1 Bh6 29. Bc3 Kh8 30. a4 Bg7 31. Rh1 Bh6 32. Bf3 Bg7 33. Re2 Re7 34. Qd3 Rfe8 35. Kf1 Bh6 36. Ke1 Ng8 37. h4 Ngf6 38. Kd1 Bg7 39. h5 Kg8 40. Kc2 g5 41. h6 Bh8 42. Ree1 Rf8 43. Qe3 Rd8 44. Qxg5+ Kf8 45. Qf5 Ng8 46. Qxh7 Ndf6 47. Qxh8 Ke8 48. h7 Kd7 49. hxg8Q Nxg8 50. Bg4+ 1-0

[Event "Wch Blitz"]
[Site "Doha"]
[Date "2016.12.30"]
[Round "14"]
[White "Khayat, Abdullah F"]
[Black "Aleksandrov, Aleksej"]
[Result "0-1"]
[WhiteElo "1732"]
[BlackElo "2574"]
[PlyCount "56"]
[EventDate "2016.12.29"]
[EventType "swiss (blitz)"]
[EventRounds "21"]
[EventCountry "QAT"]
[SourceTitle "CBM 176 Extra"]
[Source "ChessBase"]
[SourceDate "2017.03.02"]
[SourceVersion "1"]
[SourceVersionDate "2017.03.02"]
[SourceQuality "1"]

1. Nf3 Nf6 2. g3 b5 3. Bg2 Bb7 4. 0-0 c5 5. c4 bxc4 6. d4 cxd3 7. exd3 e6 8. Nc3 Be7 9. Bf4 0-0 10. Re1 Nc6 11. a3 h6 12. Qc2 Rc8 13. Rad1 Ba8 14. Ne5 Nd4 15. Qb1 d6 16. Nc4 Nf3+ 17. Bxf3 Bxf3 18. Rd2 Ba8 19. Nb5 e5 20. Be3 Qd7 21. Nc3 Qc6 22. Ne4 Nd7 23. Na5 Qd5 24. Nc4 f5 25. h3 fxe4 26. dxe4 Qxc4 27. b3 Qxe4 28. Qa2 Qg2# 0-1

[Event "Wch Blitz"]
[Site "Doha"]
[Date "2016.12.30"]
[Round "19"]
[White "Khayat, Abdullah F"]
[Black "Kayumov, Sergey"]
[Result "0-1"]
[WhiteElo "1732"]
[BlackElo "2505"]
[PlyCount "70"]
[EventDate "2016.12.29"]
[EventType "swiss (blitz)"]
[EventRounds "21"]
[EventCountry "QAT"]
[SourceTitle "CBM 176 Extra"]
[Source "ChessBase"]
[SourceDate "2017.03.02"]
[SourceVersion "1"]
[SourceVersionDate "2017.03.02"]
[SourceQuality "1"]

1. d4 Nf6 2. c4 Nc6 3. Nf3 e6 4. g3 Bb4+ 5. Bd2 Qe7 6. Bg2 Ne4 7. Nc3 Nxd2 8. Qxd2 Qd8 9. a3 Be7 10. 0-0 0-0 11. e4 d6 12. Rfe1 e5 13. d5 Na5 14. Qd3 Nb3 15. Rab1 f5 16. Nd2 Nxd2 17. Qxd2 Bg5 18. Qc2 f4 19. b4 Qe7 20. Qd3 h5 21. h4 Bh6 22. Bf3 g6 23. Kg2 Rf7 24. Rh1 Bd7 25. Rbf1 Raf8 26. Bd1 Rf6 27. f3 fxg3 28. Be2 Rf4 29. Nd1 Rxh4 30. Rxh4 Qxh4 31. Rh1 Qg5 32. Nb2 h4 33. Rh3 Bxh3+ 34. Kxh3 g2 35. Qe3 Qg3# 0-1

[Event "Wch Blitz"]
[Site "Doha"]
[Date "2016.12.30"]
[Round "20"]
[White "Khayat, Abdullah F"]
[Black "Quintiliano Pinto, Renato Rodrigues"]
[Result "0-1"]
[WhiteElo "1732"]
[BlackElo "2484"]
[PlyCount "76"]
[EventDate "2016.12.29"]
[EventType "swiss (blitz)"]
[EventRounds "21"]
[EventCountry "QAT"]
[SourceTitle "CBM 176 Extra"]
[Source "ChessBase"]
[SourceDate "2017.03.02"]
[SourceVersion "1"]
[SourceVersionDate "2017.03.02"]
[SourceQuality "1"]

1. d4 d5 2. Nf3 Bf5 3. Nbd2 e6 4. g3 h6 5. Bg2 c5 6. c3 Nc6 7. 0-0 Nf6 8. Re1 Bh7 9. a3 Qb6 10. Qb3 c4 11. Qxb6 axb6 12. Nf1 b5 13. Bf4 Nd7 14. Bc1 b4 15. cxb4 Bxb4 16. Bd2 Bxd2 17. N1xd2 0-0 18. e4 Nb6 19. exd5 exd5 20. Ne5 Nxd4 21. Rac1 Rfd8 22. Nef3 Nc6 23. Ne5 Na5 24. b4 Nc6 25. Nxc6 bxc6 26. Ra1 Rd7 27. Bh3 Rda7 28. Re5 Bg6 29. Bg2 Rxa3 30. Rxa3 Rxa3 31. Nf3 Ra1+ 32. Bf1 Bd3 33. Nd2 c3 34. Kg2 Bxf1+ 35. Nxf1 c2 36. Re8+ Kh7 37. Ne3 c1Q 38. Ng4 Nc4 0-1

[Event "Wch Blitz"]
[Site "Doha"]
[Date "2016.12.30"]
[Round "16"]
[White "Khayat, Abdullah F"]
[Black "Xu, Yi"]
[Result "1-0"]
[WhiteElo "1732"]
[BlackElo "2430"]
[PlyCount "55"]
[EventDate "2016.12.29"]
[EventType "swiss (blitz)"]
[EventRounds "21"]
[EventCountry "QAT"]
[SourceTitle "CBM 176 Extra"]
[Source "ChessBase"]
[SourceDate "2017.03.02"]
[SourceVersion "1"]
[SourceVersionDate "2017.03.02"]
[SourceQuality "1"]

1. d4 Nf6 2. c4 e6 3. Nf3 d5 4. cxd5 exd5 5. Nc3 Bb4 6. Bd2 0-0 7. g3 c6 8. Bg2 Re8 9. 0-0 Nbd7 10. Re1 Nf8 11. a3 Bd6 12. Qc2 Ng6 13. e4 dxe4 14. Nxe4 Bf5 15. Nxf6+ Qxf6 16. Rxe8+ Rxe8 17. Qb3 b6 18. Bg5 Qe6 19. Qa4 Be4 20. Re1 f6 21. Nd2 fxg5 22. Rxe4 Qf7 23. Rxe8+ Qxe8 24. Qxc6 Qe7 25. Bd5+ Kh8 26. Ne4 Bc7 27. Nxg5 Qxg5 28. Qe8+ 1-0

[Event "Wch Blitz"]
[Site "Doha"]
[Date "2016.12.29"]
[Round "5"]
[White "Khayat, Abdullah F"]
[Black "Atabayev, Yusup"]
[Result "0-1"]
[WhiteElo "1732"]
[BlackElo "2473"]
[PlyCount "92"]
[EventDate "2016.12.29"]
[EventType "swiss (blitz)"]
[EventRounds "21"]
[EventCountry "QAT"]
[SourceTitle "CBM 176 Extra"]
[Source "ChessBase"]
[SourceDate "2017.03.02"]
[SourceVersion "1"]
[SourceVersionDate "2017.03.02"]
[SourceQuality "1"]

1. Nf3 c5 2. g3 d5 3. d3 Nc6 4. Bg2 e5 5. 0-0 Nf6 6. Nbd2 h6 7. Re1 Be6 8. e4 d4 9. a3 Bd6 10. b3 0-0 11. Nc4 Bc7 12. Bd2 b5 13. Nb2 Qd7 14. Bc1 Bh3 15. Nd2 Bxg2 16. Kxg2 Ne7 17. Nf1 Ng6 18. h4 Nh7 19. a4 a6 20. axb5 axb5 21. Rxa8 Rxa8 22. Bd2 Nf6 23. b4 Bd6 24. bxc5 Bxc5 25. c4 b4 26. Qe2 Ne7 27. f4 Nc6 28. fxe5 Nxe5 29. Bf4 Nfg4 30. Bxe5 Nxe5 31. Nh2 Ra2 32. Rb1 b3 33. Qh5 f6 34. g4 Qf7 35. Qf5 Qd7 36. Qxd7 Nxd7 37. Nf3 Ne5 38. Nd2 Ba3 39. Nxb3 Rxb2+ 40. Rxb2 Bxb2 41. Nc5 Nxg4 42. Kf3 Ne5+ 43. Kf4 Kf7 44. Na4 Nxd3+ 45. Kf3 Ne5+ 46. Kf4 Nxc4 0-1

[Event "Wch Blitz"]
[Site "Doha"]
[Date "2016.12.29"]
[Round "2"]
[White "Khayat, Abdullah F"]
[Black "Svane, Rasmus"]
[Result "0-1"]
[WhiteElo "1732"]
[BlackElo "2555"]
[PlyCount "56"]
[EventDate "2016.12.29"]
[EventType "swiss (blitz)"]
[EventRounds "21"]
[EventCountry "QAT"]
[SourceTitle "CBM 176 Extra"]
[Source "ChessBase"]
[SourceDate "2017.03.02"]
[SourceVersion "1"]
[SourceVersionDate "2017.03.02"]
[SourceQuality "1"]

1. d4 Nf6 2. Nf3 d5 3. g3 Bf5 4. Bg2 e6 5. 0-0 c6 6. Nbd2 Be7 7. c4 h6 8. cxd5 exd5 9. Re1 0-0 10. Nh4 Bh7 11. Nhf3 Re8 12. Qb3 Qb6 13. e3 Na6 14. a3 Bd6 15. Bh3 Ne4 16. Qxb6 axb6 17. Nxe4 Bxe4 18. Nd2 Bg6 19. Nf3 Nb4 20. axb4 Rxa1 21. Bd2 Rea8 22. Rxa1 Rxa1+ 23. Kg2 Be4 24. Bc8 f5 25. h3 Ra7 26. g4 g6 27. Be6+ Kf8 28. gxf5 gxf5 0-1

[Event "Wch Rapid"]
[Site "Doha"]
[Date "2016.12.27"]
[Round "9"]
[White "Khayat, Abdullah F"]
[Black "Saeed, Ishaq"]
[Result "0-1"]
[WhiteElo "1732"]
[BlackElo "2312"]
[PlyCount "62"]
[EventDate "2016.12.26"]
[EventType "swiss (rapid)"]
[EventRounds "15"]
[EventCountry "QAT"]
[SourceTitle "CBM 176"]
[Source "ChessBase"]
[SourceDate "2017.01.17"]
[SourceVersion "1"]
[SourceVersionDate "2017.01.17"]
[SourceQuality "1"]

1. Nf3 Nf6 2. g3 g6 3. Bg2 Bg7 4. 0-0 0-0 5. d3 d5 6. c3 a5 7. a4 Nc6 8. Re1 e5 9. Nbd2 e4 10. dxe4 dxe4 11. Ng5 e3 12. fxe3 Ng4 13. Ndf3 Qe7 14. Nh3 Nxe3 15. Bxe3 Qxe3+ 16. Nf2 Bf5 17. Qd2 Qb6 18. e4 Rad8 19. Qe3 Qxe3 20. Rxe3 Be6 21. Rd3 b6 22. Rad1 Bb3 23. Ra1 Rfe8 24. Ra3 Bc4 25. Rxd8 Rxd8 26. b3 Bf8 27. b4 axb4 28. cxb4 Bxb4 29. Ra1 Bc5 30. Bf1 Be6 31. Ng5 Rd2 0-1

[Event "Wch Rapid"]
[Site "Doha"]
[Date "2016.12.26"]
[Round "2"]
[White "Borisek, Jure"]
[Black "Khayat, Abdullah F"]
[Result "1-0"]
[WhiteElo "2561"]
[BlackElo "1732"]
[PlyCount "49"]
[EventDate "2016.12.26"]
[EventType "swiss (rapid)"]
[EventRounds "15"]
[EventCountry "QAT"]
[SourceTitle "CBM 176"]
[Source "ChessBase"]
[SourceDate "2017.01.17"]
[SourceVersion "1"]
[SourceVersionDate "2017.01.17"]
[SourceQuality "1"]

1. e4 d5 2. exd5 Nf6 3. Nf3 Nxd5 4. d4 Bg4 5. c4 Nf6 6. Be2 e6 7. Nc3 c6 8. 0-0 Be7 9. h3 Bh5 10. Be3 0-0 11. a3 a5 12. Ne5 Bxe2 13. Qxe2 Nbd7 14. f4 Ne8 15. Rad1 f5 16. d5 Nxe5 17. fxe5 exd5 18. cxd5 cxd5 19. Nxd5 Kh8 20. Nb6 Qb8 21. Nxa8 Qxa8 22. Rd7 Bh4 23. Qc4 f4 24. Rxf4 Rxf4 25. Qxf4 1-0

[Event "Wch Rapid"]
[Site "Doha"]
[Date "2016.12.26"]
[Round "5"]
[White "Zhang, Zhong"]
[Black "Khayat, Abdullah F"]
[Result "1-0"]
[WhiteElo "2645"]
[BlackElo "1732"]
[PlyCount "61"]
[EventDate "2016.12.26"]
[EventType "swiss (rapid)"]
[EventRounds "15"]
[EventCountry "QAT"]
[SourceTitle "CBM 176"]
[Source "ChessBase"]
[SourceDate "2017.01.17"]
[SourceVersion "1"]
[SourceVersionDate "2017.01.17"]
[SourceQuality "1"]

1. e4 c6 2. d4 d5 3. e5 Bf5 4. Nf3 e6 5. Be2 h6 6. 0-0 Nd7 7. Nbd2 b5 8. a4 a6 9. Nb3 Ne7 10. Bd2 Ng6 11. Ne1 Ne7 12. Bb4 Bh7 13. Nd3 Ng6 14. Bxf8 Ngxf8 15. Nb4 Qc7 16. axb5 a5 17. Nxc6 a4 18. Qd2 Nb6 19. Nc5 Nfd7 20. Nxd7 Nxd7 21. Qb4 Nb6 22. Rfc1 f5 23. c4 Kf7 24. cxd5 Nxd5 25. Qc5 Rhc8 26. Bc4 Nb6 27. d5 exd5 28. Bxd5+ Nxd5 29. Qxd5+ Kg6 30. e6 Bg8 31. Ne5+ 1-0

[Event "Arab Clubs-chT"]
[Site "Marrakesh"]
[Date "2016.12.04"]
[Round "3"]
[White "Arab, Adlane"]
[Black "Khayat, Abdullah F"]
[Result "1-0"]
[WhiteElo "2485"]
[BlackElo "1732"]
[PlyCount "91"]
[EventDate "2016.12.02"]
[EventType "team-tourn"]
[EventRounds "7"]
[EventCountry "MAR"]
[SourceTitle "CBM 176 Extra"]
[Source "ChessBase"]
[SourceDate "2017.03.02"]
[SourceVersion "1"]
[SourceVersionDate "2017.03.02"]
[SourceQuality "1"]
[WhiteTeam "Surete National"]
[BlackTeam "Nadi ALhijaz"]
[WhiteTeamCountry "ALG"]
[BlackTeamCountry "SAU"]

1. d4 Nf6 2. c4 g6 3. Nf3 d6 4. Nc3 Bg7 5. Bf4 0-0 6. h3 Nc6 7. e3 Nd7 8. d5 Ncb8 9. Be2 a5 10. 0-0 Nc5 11. Qc2 e5 12. dxe6 fxe6 13. Rad1 e5 14. Nxe5 Bf5 15. Qd2 Nc6 16. Nxc6 bxc6 17. Bf3 Bd7 18. Ne4 Nxe4 19. Bxe4 Qe7 20. Bd3 c5 21. Bg3 Bc6 22. Rb1 Be4 23. Qc2 Bxd3 24. Qxd3 Rab8 25. b3 Rf5 26. e4 Rf7 27. f4 Rbf8 28. Kh2 g5 29. fxg5 Rxf1 30. Rxf1 Rxf1 31. Qxf1 Qxg5 32. Qf5 Qe7 33. Bf4 Be5 34. Bxe5 dxe5 35. Kg3 Qd6 36. Kg4 Qd1+ 37. Kh4 Qd6 38. Kh5 Kh8 39. g4 Qe7 40. g5 Qe8+ 41. Kh6 Qc6+ 42. Qf6+ Qxf6+ 43. gxf6 Kg8 44. Kg5 Kf7 45. Kf5 h6 46. Kxe5 1-0

[Event "Arab Clubs-chT"]
[Site "Agadir"]
[Date "2015.10.17"]
[Round "6.2"]
[White "Khayat, Abdullah F"]
[Black "Sabar, Ethmane Daouda"]
[Result "1-0"]
[WhiteElo "1744"]
[BlackElo "2012"]
[PlyCount "50"]
[EventDate "2015.10.13"]
[EventType "team-swiss"]
[EventRounds "9"]
[EventCountry "MAR"]
[SourceTitle "CBM 170 Extra"]
[Source "ChessBase"]
[SourceDate "2016.02.25"]
[SourceVersion "1"]
[SourceVersionDate "2016.02.25"]
[SourceQuality "1"]
[WhiteTeam "Saudi Club"]
[BlackTeam "Teyarett"]
[WhiteTeamCountry "UAE"]
[BlackTeamCountry "MAU"]

1. Nf3 d5 2. g3 c5 3. Bg2 Nc6 4. 0-0 g6 5. c3 Bg7 6. a3 Nf6 7. d4 a5 8. Re1 0-0 9. Nbd2 Ne4 10. Nxe4 dxe4 11. Ng5 cxd4 12. Nxe4 dxc3 13. Nxc3 Be6 14. Bxc6 bxc6 15. Bf4 Qb6 16. Rb1 Bb3 17. Qc1 Rfd8 18. e4 Rd3 19. Bh6 Bd4 20. Qf4 Qc5 21. e5 a4 22. Rbc1 Bxc3 23. Rxc3 Rxc3 24. bxc3 Qxc3 25. Rc1 Qd4 1-0

[Event "Arab Clubs-chT"]
[Site "Agadir"]
[Date "2015.10.15"]
[Round "4.3"]
[White "Khayat, Abdullah F"]
[Black "Hemam, Moulaye Brahim"]
[Result "0-1"]
[WhiteElo "1744"]
[BlackElo "2035"]
[PlyCount "63"]
[EventDate "2015.10.13"]
[EventType "team-swiss"]
[EventRounds "9"]
[EventCountry "MAR"]
[SourceTitle "CBM 170 Extra"]
[Source "ChessBase"]
[SourceDate "2016.02.25"]
[SourceVersion "1"]
[SourceVersionDate "2016.02.25"]
[SourceQuality "1"]
[WhiteTeam "Saudi Club"]
[BlackTeam "Tevragh Zeina"]
[WhiteTeamCountry "UAE"]
[BlackTeamCountry "MAU"]

1. Nf3 Nf6 2. g3 g6 3. Bg2 Bg7 4. 0-0 0-0 5. d3 d6 6. e4 Nc6 7. c3 e5 8. Re1 Bg4 9. Nbd2 Qd7 10. Nf1 d5 11. Qc2 Rad8 12. b4 dxe4 13. dxe4 Rfe8 14. Bb2 h6 15. a4 Nh7 16. Ne3 Bxf3 17. Bxf3 Ng5 18. Bg2 Qd3 19. Qxd3 Rxd3 20. Rad1 Red8 21. Rxd3 Rxd3 22. Rd1 Rxd1+ 23. Nxd1 Ne7 24. Ne3 Bf8 25. h4 Ne6 26. Kf1 h5 27. Bh3 b6 28. Ke2 Nd8 29. b5 Nb7 30. Ba3 Nd6 31. Bxd6 cxd6 32. Kd3 0-1

[Event "Asian Continental op 13th"]
[Site "Sharjah"]
[Date "2014.04.19"]
[Round "3"]
[White "Khayat, Abdullah F"]
[Black "Muniz Pardino, Alberto"]
[Result "0-1"]
[WhiteElo "1716"]
[BlackElo "2105"]
[PlyCount "80"]
[EventDate "2014.04.17"]
[EventType "swiss"]
[EventRounds "9"]
[EventCountry "UAE"]
[SourceTitle "CBM 160"]
[Source "ChessBase"]
[SourceDate "2014.05.15"]
[SourceVersion "1"]
[SourceVersionDate "2014.05.15"]
[SourceQuality "1"]

1. e4 c5 2. Nc3 Nc6 3. Nf3 g6 4. Bc4 Bg7 5. Ne2 Nf6 6. d3 0-0 7. c3 d5 8. exd5 Nxd5 9. h3 e5 10. Bg5 Qd6 11. 0-0 h6 12. Bd2 Nb6 13. Qc1 Nxc4 14. dxc4 Kh7 15. Ng3 Be6 16. Ne4 Qe7 17. b3 f5 18. Ng3 Rad8 19. Qc2 Rd7 20. Rad1 Rfd8 21. Bc1 Rxd1 22. Rxd1 Rxd1+ 23. Qxd1 e4 24. Nh2 Bxc3 25. Ne2 Bg7 26. Nf4 Bf7 27. Nf1 g5 28. Nd5 Qe5 29. Nfe3 h5 30. Bd2 f4 31. Bc3 Nd4 32. Nc2 Kh6 33. h4 Bxd5 34. cxd5 Qxd5 35. Bd2 Bf6 36. Na3 Nf5 37. hxg5+ Bxg5 38. Qc1 e3 39. Be1 f3 40. Nc4 exf2+ 0-1

[Event "Asian Continental op 13th"]
[Site "Sharjah"]
[Date "2014.04.18"]
[Round "2"]
[White "Najjar, Ahmad"]
[Black "Khayat, Abdullah F"]
[Result "1-0"]
[WhiteElo "2261"]
[BlackElo "1716"]
[PlyCount "51"]
[EventDate "2014.04.17"]
[EventType "swiss"]
[EventRounds "9"]
[EventCountry "UAE"]
[SourceTitle "CBM 160"]
[Source "ChessBase"]
[SourceDate "2014.05.15"]
[SourceVersion "1"]
[SourceVersionDate "2014.05.15"]
[SourceQuality "1"]

1. d4 c6 2. Nf3 d5 3. c4 Bf5 4. Qb3 Qc7 5. cxd5 cxd5 6. Nc3 e6 7. Nb5 Qb6 8. Bf4 Qa5+ 9. Bd2 Qb6 10. Bf4 Qa5+ 11. Nc3 b6 12. e3 Nd7 13. Bb5 Bb4 14. 0-0 Ngf6 15. Ne5 Rc8 16. Rac1 a6 17. Nxd5 0-0 18. Rxc8 Rxc8 19. Bxd7 Nxd7 20. Nxb4 Nf6 21. Nbc6 Rxc6 22. Nxc6 Qd2 23. Ne7+ Kh8 24. Nxf5 exf5 25. Qxf7 h6 26. Bxh6 1-0